Loading...
| Current Events | 3 | 13.33 | 100% | 33% | 0% |
| Fine Arts - Classical Music | 7 | 8.57 | 86% | 0% | 0% |
| Fine Arts - Other Fine Arts | 10 | 12.00 | 100% | 20% | 0% |
| Fine Arts - Painting & Sculpture | 7 | 11.43 | 86% | 29% | 0% |
| Geography | 3 | 13.33 | 100% | 33% | 0% |
| History - American History | 8 | 17.50 | 100% | 75% | 0% |
| History - European History | 1 | 10.00 | 100% | 0% | 0% |
| History - Other History | 7 | 14.29 | 86% | 57% | 0% |
| History - World History | 7 | 11.43 | 71% | 14% | 29% |
| Literature - American Literature | 6 | 11.67 | 100% | 17% | 0% |
| Literature - British Literature | 6 | 13.33 | 100% | 33% | 0% |
| Literature - European Literature | 4 | 12.50 | 75% | 50% | 0% |
| Literature - World Literature | 8 | 10.00 | 88% | 13% | 0% |
| Mythology | 2 | 20.00 | 100% | 100% | 0% |
| Other Academic | 4 | 15.00 | 100% | 50% | 0% |
| Philosophy | 5 | 12.00 | 100% | 20% | 0% |
| Religion | 4 | 15.00 | 100% | 50% | 0% |
| Science - Biology | 5 | 8.00 | 60% | 20% | 0% |
| Science - Chemistry | 10 | 9.00 | 80% | 10% | 0% |
| Science - Other Science | 6 | 8.33 | 83% | 0% | 0% |
| Science - Physics | 10 | 9.00 | 80% | 10% | 0% |
| Social Science | 6 | 15.00 | 100% | 33% | 17% |